| 000 | 00736nam a2200229Ia 4500 | ||
|---|---|---|---|
| 008 | 191130s2006##################000#0#eng## | ||
| 020 | _a157851777X | ||
| 022 | _a2006005594 | ||
| 040 |
_aACL _cACL |
||
| 082 | _a330.16 BEI | ||
| 100 | _aBeinhocker, Eric D | ||
| 245 |
_aThe origin of wealth : evolution, complexity, and the radical remaking of economics _cEric D. Beinhocker |
||
| 260 |
_aBoston, MA _bHarvard Business School _cc2006 |
||
| 300 | _axvi, 527 p. : ill. ; 25 cm | ||
| 500 | _aIncludes bibliographical references (p. 490-506) and index | ||
| 650 | _aEconomic development | ||
| 650 | _aEconomic history | ||
| 650 | _aEconomics | ||
| 990 | _a024d225dac10000c707030ececbab1f6 | ||
| 991 | _a43201 | ||
| 999 |
_c62126 _d62126 |
||